000 00897cab a2200193 4500
001 ABS39567
008 090401t1988 xxu||||| |||| 00| 0 eng d
035 _a(Sirsi) u17503
041 _aeng
100 _aBrown, P. K.
245 _a1990 revaluation: some issues affecting rental analysis
260 _c1988
350 _a0
490 _aRating and Valuation
_vJuly 1988, 199-200(2)
520 _aThe approaching 1990 revaluation , the first in fifteen years, means that rating surveyors must direct themselves to the problems associated with the setting of the tone of the list . Establishing tone means that they must prove levels of value by reference to rent al evidence or possibly by reference to profits or construction cost. This article looks at factors affecting the analysis of available rental evidence.
690 _aRATING AND VALUATION
942 _n0
948 _c04/03/1997
999 _c11608
_d11608